International patterns of inflation (Record no. 47460)

MARC details
000 -LEADER
fixed length control field 00574nam a2200157 a 4500
008 - FIXED-LENGTH DATA ELEMENTS--GENERAL INFORMATION
fixed length control field 120416s0000 ||||||||||||||||| || u
020 ## - INTERNATIONAL STANDARD BOOK NUMBER
International Standard Book Number 0823702944
050 ## - LIBRARY OF CONGRESS CALL NUMBER
Classification number HG 229 Int
100 ## - MAIN ENTRY--PERSONAL NAME
Personal name Solomon, Ezra
245 10 - TITLE STATEMENT
Title International patterns of inflation
Statement of responsibility, etc. edited by Ezra Solomon
246 ## - VARYING FORM OF TITLE
Title proper/short title a study in contrasts
260 ## - PUBLICATION, DISTRIBUTION, ETC.
Place of publication, distribution, etc. Ontario
Name of publisher, distributor, etc. The Conference Board
Date of publication, distribution, etc. [1984]
300 ## - PHYSICAL DESCRIPTION
Extent ix, 278p. : ill.
350 ## - PRICE (NR) (BK AM CF MU VM SE) [OBSOLETE]
Price 0.00
995 ## - RECOMMENDATION 995 [LOCAL, UNIMARC FRANCE]
-- 0.00
-- CBU-MAIN LIBRARY (Kitwe)
-- 1
-- 7.65
-- 1
-- AVAILABLE
-- Main Library Open Access Collection
Holdings
Withdrawn status Lost status Source of classification or shelving scheme Damaged status Not for loan Home library Current library Shelving location Date acquired Total Checkouts Full call number Barcode Date last seen Price effective from Koha item type
          CBU-MAIN LIBRARY, KITWE. CBU-MAIN LIBRARY, KITWE.   11/30/2022   HG 229 Int 018538 11/30/2022 11/30/2022 MONOGRAPH